000 00306nam a2200109Ia 4500
008 200302s9999 xx 000 0 und d
100 _aPaul Stivenson Oles AIA
245 _aArcitectural Illustration The Value Delineation Process
260 _bVan Nostrand Renhold Company
260 _c1979
300 _a249 P.,
999 _c799
_d799